000 00701nam a2200229Ia 4500
003 OSt
005 20250829114119.0
008 220926b |||||||| |||| 00| 0 eng d
037 _cReference
040 _aRTL
_cRTL
_beng
041 _2eng
_aeng
084 _aCN1 K5/SC
_qRTL
100 _aBjorken, James D.
_9371045
245 0 _aRelativistic quantum fields
260 _aNew
_bYork Mc Graw Hill Book Company
_c1965
300 _axiv, 396 p.
_bIncludes bibliographical reference and index
650 _aQuantum field theory
650 _aPhysics
700 _aDrell, Sidney D.
_9371046
_eCo-author
942 _hCN1 K5/SC
_cREF
_2CC
_n0
999 _c691288
_d691288